000 00250nam a2200109Ia 4500
008 220204s9999 xx 000 0 und d
082 _a82-3
_bJON
100 _aJames
245 0 _aFrom here to eternity
260 _aNew York
_bAvon
_c1975
942 _cBK
999 _c33491
_d33491